UM Logo

Mathematics of investment/ (Record no. 1158)

MARC details
000 -LEADER
fixed length control field 00630nam a22001937a 4500
008 - FIXED-LENGTH DATA ELEMENTS--GENERAL INFORMATION
fixed length control field 160229b xxu||||| |||| 00| 0 eng d
082 ## - DEWEY DECIMAL CLASSIFICATION NUMBER
Edition number 2010
Classification number DFil 510
Item number B32m
100 ## - MAIN ENTRY--PERSONAL NAME
9 (RLIN) 3259
Personal name Bautista, Leodegario SM.
245 ## - TITLE STATEMENT
Title Mathematics of investment/
Statement of responsibility, etc. Leodegario SM. Bautista [ and 4 others]
250 ## - EDITION STATEMENT
Edition statement 2nd edition.
260 ## - PUBLICATION, DISTRIBUTION, ETC. (IMPRINT)
Place of publication, distribution, etc. Quezon City:
Name of publisher, distributor, etc. C & E Publishing,
Date of publication, distribution, etc. c2010.
300 ## - PHYSICAL DESCRIPTION
Extent x, 214 pages;
Dimensions 25 cm.
650 #0 - SUBJECT ADDED ENTRY--TOPICAL TERM
9 (RLIN) 3258
Topical term or geographic name as entry element Mathematics.
700 ## - ADDED ENTRY--PERSONAL NAME
9 (RLIN) 3260
Personal name De Lara, Carmelita G.
700 ## - ADDED ENTRY--PERSONAL NAME
9 (RLIN) 3261
Personal name Gorospe, Normita B.
700 ## - ADDED ENTRY--PERSONAL NAME
9 (RLIN) 3262
Personal name Hilario, Christie R.
700 ## - ADDED ENTRY--PERSONAL NAME
9 (RLIN) 3264
Personal name Naval, Victoria C.
942 ## - ADDED ENTRY ELEMENTS (KOHA)
Source of classification or shelving scheme Dewey Decimal Classification
Koha item type Filipiniana
Holdings
Withdrawn status Lost status Source of classification or shelving scheme Damaged status Not for loan Collection code Home library Current library Date acquired Source of acquisition Total Checkouts Full call number Barcode Date last seen Date last checked out Price effective from Koha item type
    Dewey Decimal Classification     Filipiniana UM Digos College - LIC UM Digos College - LIC 02/29/2016 Donation 1 DFil 510 B32m 2010 21874 05/15/2025 05/12/2016 02/29/2016 Filipiniana